Structural fire engineering design (Record no. 104901)

MARC details
000 -LEADER
fixed length control field 00974cam a2200205 4500
001 - CONTROL NUMBER
control field ##L131919
008 - FIXED-LENGTH DATA ELEMENTS--GENERAL INFORMATION
fixed length control field 051215n2004 000 0 eng u
020 ## - INTERNATIONAL STANDARD BOOK NUMBER
International Standard Book Number 1860816991
035 ## - SYSTEM CONTROL NUMBER
System control number (Sirsi) u131919
041 0# - LANGUAGE CODE
Language code of text/sound track or separate title eng
050 04 - LIBRARY OF CONGRESS CALL NUMBER
Classification number 693.82 $2 18
100 1# - MAIN ENTRY--PERSONAL NAME
Personal name Bailey, C.
245 00 - TITLE STATEMENT
Title Structural fire engineering design
Remainder of title materials behaviour - steel
260 ## - PUBLICATION, DISTRIBUTION, ETC.
Place of publication, distribution, etc. Watford
Name of publisher, distributor, etc. BRE
Date of publication, distribution, etc. 2004
300 ## - PHYSICAL DESCRIPTION
Extent 8p
Other physical details ill, diagrams
Dimensions 30cm
490 #0 - SERIES STATEMENT
Series statement BRE Digest
Volume/sequential designation 487(part 2)
520 ## - SUMMARY, ETC.
Summary, etc. This digest forms part of a suite of related documents containing guidance for the construction industry on structural fire engineering design (see also BRE Digests 484, 485, 488 and 490). Each digest may be used in isolation or as part of the full suite. Part 2 of Digest 487 summarises the current available design tools to ensure stability of steel framed buildings during a fire, including beams, columns and floors.
690 ## - LOCAL SUBJECT ADDED ENTRY--TOPICAL TERM (OCLC, RLIN)
Topical term or geographic name as entry element MANAGEMENT-HEALTH AND SAFETY-FIRE SAFETY
942 ## - ADDED ENTRY ELEMENTS (KOHA)
Suppress in OPAC 0
Holdings
Withdrawn status Lost status Source of classification or shelving scheme Damaged status Not for loan Home library Current library Shelving location Date acquired Total Checkouts Full call number Barcode Date last seen Copy number Price effective from Koha item type
    Dewey Decimal Classification     London London BRE publications 15/12/2005   ENQUIRY DESK 30071816 06/08/2019 1 06/08/2019 Book